000 01225pam a2200337 a 4500
003 0
008
020 _a0781703352(hbk.)
050 1 0 _aRG527.5.U48
_fSEE
100 1 _aSeeds, John W.
245 1 0 _aPractical sonography in obstetrics and gynecology /
_cJohn W. Seeds, Nancy C. Chescheir, Ronald V. Wade.
250 _a2nd ed.
260 _aPhiladelphia :
_bLippincott-Raven,
_cc1996.
300 _aix, 308 p. :
_bill. ;
_c25 cm.
500 _aRev. ed. of: Practical obstetrical ultrasound / John W. Seeds, Robert C. Cefalo. 1986.
504 _aIncludes bibliographical references and index.
650 0 _aUltrasonics in obstetrics.
650 0 _aGenerative organs, Female
_xUltrasonic imaging.
650 2 _aUltrasonography, Prenatal.
650 2 _aPregnancy Complications
_xultrasonography.
650 2 _aGenital Diseases, Female
_xultrasonography.
700 1 _aChescheir, Nancy.
700 1 _aWade, Ronald V.
700 1 _aSeeds, John W.
_tPractical obstetrical ultrasound.
740 0 _aPractical obstetrical ultrasound.
907 _a.b10203333
_b08-05-08
_c18-05-06
005 20230120203930.0
040 _cNUST
049 _aMAIN
942 _cBOOKS
999 _c114110
_d114110